书目信息 |
| 题名: |
材料力学
|
|
| 作者: | 方孝淑 , 关来泰 , 孙训方 编 | |
| 分册: | 下册 | |
| 出版信息: | 北京 高等教育出版社 1979 |
|
| 页数: | 442页 | |
| 开本: | 20cm | |
| 丛书名: | ||
| 单 册: | ||
| 中图分类: | TB301 | |
| 科图分类: | ||
| 主题词: | 工程材料 | |
| 电子资源: | ||
| ISBN: | ||
| 000 | 00650nam0 2200229 45 | |
| 001 | 0312221749 | |
| 005 | 20060808164931.81 | |
| 010 | @dCNY2.85 | |
| 091 | @a15010.0175 | |
| 100 | @a20031222d1979 km y0chiy0120 ea | |
| 101 | @achi | |
| 200 | 1 | @a材料力学@ACai Liao Li Xue@h下册@f孙训方,方孝淑,关来泰编@Fsun xun fang,fang xiao shu,guan lai tai bian |
| 210 | @a北京@c高等教育出版社@d1979 | |
| 215 | @a442页@d20cm | |
| 300 | @a高等学校试用教材 | |
| 606 | 0 | @a工程材料 |
| 690 | @aTB301@v3 | |
| 701 | 0 | @a方孝淑@Afang xiao shu@4编 |
| 701 | 0 | @a关来泰@Aguan lai tai@4编 |
| 701 | 0 | @a孙训方@4编 |
| 801 | @aCN@bTSTCL@c20060808 | |
| 905 | @dTB301@e106:2 | |
| 材料力学.下册/孙训方,方孝淑,关来泰编.-北京:高等教育出版社,1979 |
| 442页;20cm |
| 高等学校试用教材 |
| ISBN :CNY2.85 |
| ● |
| 相关链接 |
|
|
|
|
正题名:材料力学
索取号:TB301/106:2
 
预约/预借
| 序号 | 登录号 | 条形码 | 馆藏地/架位号 | 状态 | 备注 |
| 1 | 0149689 | 202278089 | 密集书库/ [索取号:TB301/106:2] | 在馆 | |
| 2 | 0149690 | 001359023 | 第三借阅区/ [索取号:TB301/106:2] | 在馆 | |
| 3 | 0149691 | 202278114 | 密集书库/ [索取号:TB301/106:2] | 在馆 | |
| 4 | 0149692 | 202451890 | 第二样本阅览室/ [索取号:TB301/106:2] | 在馆 | |
| 5 | 0451760 | 204517601 | 密集书库/ [索取号:TB301/106:2] | 在馆 | |
| 6 | 0451761 | 204517610 | 密集书库/ [索取号:TB301/106:2] | 在馆 | |
| 7 | 0451762 | 204517629 | 密集书库/ [索取号:TB301/106:2] | 在馆 | |
| 8 | 0451763 | 204517638 | 密集书库/ [索取号:TB301/106:2] | 在馆 | |
| 9 | 0451764 | 204517647 | 密集书库/ [索取号:TB301/106:2] | 在馆 |